| 000 | 00000nam 2200000za 4500 |
| 001 | 9.841512 |
| 003 | CaOODSP |
| 005 | 20221107152115 |
| 007 | cr ||||||||||| |
| 008 | 170811s1979 bcc #o f000 0 eng d |
| 040 | |aCaOODSP|beng |
| 041 | |aeng|bfre |
| 043 | |an-cn--- |
| 086 | 1 |aR5-363/1979E-PDF |
| 100 | 1 |aWeir, D. A. |
| 245 | 10|aEvaluation |h[electronic resource] : |bSechelt Indian band land management program March 31, 1979 / |cprepared by: D.A. Weir. |
| 246 | 10|aSechelt Indian band land management program March 31, 1979 |
| 246 | 13|aÉvaluation du Programme de gestion foncière de la bande de Sechelt le 31 mars 1979 |
| 260 | |aVernon, B.C. : |bIndian and Northern Affairs, Indian and Inuit Affairs Program, Program Evaluation Branch, |c1979. |
| 300 | |avii, 33, 6 p. |
| 500 | |aDigitized edition from print [produced by Indigenous and Northern Affairs Canada]. |
| 520 | |a"During the past five years the Sechelt Indian Band has exercised direct control and management of its Reserve Lands based upon delegation of certain authorities as provided by the Indian Act. The transfer of this control and management is unique in Canada and the program was undertaken as a "pilot project" with funding provided by the Department of Indian Affairs. The purpose of this report is to evaluate the operation of the Sechelt Indian Band Land Management Project to date."--Introduction. |
| 546 | |aText in English, executive summary in English and French. |
| 692 | 07|2gccst|aIndians |
| 692 | 07|2gccst|aLand management |
| 692 | 07|2gccst|aAssessment |
| 710 | 1 |aCanada. |bIndian and Northern Affairs Canada. |
| 710 | 2 |aIndian and Inuit Affairs Program (Canada) |
| 856 | 40|qPDF|s1.37 MB|uhttps://publications.gc.ca/collections/collection_2017/aanc-inac/R5-363-1979-eng.pdf |